000 00721nam a2200289Ia 4500
005 20260324120702.0
008 008 260324s9999 xx 000 0 eng d
020 _a9781315779690
037 _aEBOOK
040 _aCRL
040 _beng
040 _cCRL
041 _2eng
041 _aeng
084 _qCRL
100 _aSpencer Meredith, III
_91159561
245 0 _aNuclear Energy Safety and International Cooperation
245 0 _bClosing the World's Most Dangerous Reactors
260 _bTaylor and Francis
260 _c2014
365 _a
365 _b220
856 _uhttp://www.taylorfrancis.com/books/9781315779690
942 _cEBOOK
999 _c1751225
_d1751225